| 000 | 00576cam a22002171 4500 | ||
|---|---|---|---|
| 001 | sa 64002608 | ||
| 003 | DLC | ||
| 005 | 20260227112011.0 | ||
| 008 | 890714s1962 ii 000 0 beno | ||
| 010 | _asa 64002608 | ||
| 035 | _a(OCoLC)20011703 | ||
| 040 |
_aDLC _cWaU _dDLC |
||
| 042 | _apremarc | ||
| 050 | 0 | 0 |
_aPK1718.T24 _bZ783 |
| 100 | 1 |
_aMukherji, Saurindramohan, _d1884- |
|
| 245 | 0 | 0 | _aRabīndranāthera galpa o Bāṅalāra samāja. |
| 260 | _c[1962?] | ||
| 300 |
_a12, 308 p. _c19 cm. |
||
| 500 | _aIn Bengali. | ||
| 600 | 1 | 0 |
_aTagore, Rabindranath, _d1861-1941. |
| 999 |
_c57416 _d57416 |
||